| 000 | 00557nam a22002177a 4500 | ||
|---|---|---|---|
| 005 | 20170822174942.0 | ||
| 008 | 130919b xxu||||| |||| 00| 0 eng d | ||
| 020 | _a978-0-414-02570-7 | ||
| 040 | _aBSU | ||
| 082 |
_222 _a346.004 HAL |
||
| 100 |
_aHaley, Micheal. _914608 |
||
| 245 | _aEquity & Trust in nutshells. | ||
| 246 | _aEquity and trusts. | ||
| 250 | _a9th ed. | ||
| 260 |
_aLondon: _bSweet & Maxwell. _c2013 |
||
| 300 | _axl, 219p.; | ||
| 440 |
_aNutshells. _914600 |
||
| 650 |
_aEquity. _vTrust. _914609 |
||
| 658 | _aLaw. | ||
| 942 |
_2ddc _cBK |
||
| 999 |
_c6766 _d6766 |
||